| 000 | 00950cam a2200349 4500 | ||
|---|---|---|---|
| 008 | 090401t1993 xxu||||| |||| 00| 0 eng d | ||
| 020 | _a0419180206 | ||
| 035 | _a(Sirsi) u19079 | ||
| 041 | _aeng | ||
| 050 | _a333.3303 | ||
| 245 | 4 | _aThe multilingual dictionary of real estate: a guide for the property professional in the single European market... | |
| 260 |
_aLondon _bE & F N Spon _c1993 |
||
| 300 | _axii,392p. ; 24cm. | ||
| 350 | _a55 | ||
| 520 | _aSponsord by Gooch & Wagstaff and Norwich Union. | ||
| 650 | _aDICTIONARIES | ||
| 650 | _aDUTCH | ||
| 650 | _aEUROPE | ||
| 650 | _aFRENCH | ||
| 650 | _aGERMAN | ||
| 650 | _aGOOCH AND WAGSTAFF | ||
| 650 | _aITALIAN | ||
| 650 | _aNORWICH UNION | ||
| 650 | _aPROPERTY | ||
| 650 | _aSPANISH | ||
| 690 | _aOVERSEAS-EUROPE | ||
| 700 |
_aBreugel, L. van _xEditor |
||
| 700 |
_aWilliams, R. H. _xEditor |
||
| 700 |
_aWood, B. _xEditor |
||
| 942 | _n0 | ||
| 948 | _c04/03/1997 | ||
| 999 |
_c87647 _d87647 |
||